000 01049nam a2200289 a 4500
001 000026278
003 DO-SdBNP
005 20180511104747.0
007 000026278
008 110308s 1995 dr 000 0 spa d
040 _aBPMSU
_bspa
_cBPMSU
082 _a282.097293
_bP762s
100 1 0 _aPolanco Brito, Hugo E.
245 1 0 _aSíntesis de la historia de la iglesia en Santo Domingo /
_cHugo E. Polanco Brito ; cuidado de edición Rafael Bello Peguero
260 0 _aSanto Domingo :
_bAmigo del Hogar,
_c1995
300 _a80 p. ;
_c22 cm.
504 _aIncluye referencias bibliográficas y notas al pie de las páginas
650 4 _aIGLÉSIA CATÓLICA
_xHISTORIA
651 4 _aREPÚBLICA DOMINICANA
_xHISTORIA ECLESIÁSTICA
700 1 2 _aBello Peguero, Rafael
_eed.
910 _aValidado. Control de calidad MFF
942 _2ddc
_cBK
945 _aRemanejado para la BNPHU, 2018 / BT
956 _aYPOLANCO
_b10
_c20110308
_lBND01
_h1533
956 _aBTAVAREZ
_b10
_c20110324
_lBND01
_h1131
956 _aVMATEO
_b10
_c20150430
_lBMET02
_h00151
999 _c7763
_d7763